Social Economy and Sustainable Development
Enregistré dans:
| Auteur principal: | |
|---|---|
| Autres auteurs: | |
| Format: | Chapitre de livre |
| Langue: | anglais |
| Tags: |
Pas de tags, Soyez le premier à ajouter un tag!
|
MARC
| LEADER | 00000nla a2200000 4500 | ||
|---|---|---|---|
| 001 | 0151849 | ||
| 005 | 20240102143108.3 | ||
| 041 | 0 | |a eng | |
| 044 | |a SK | ||
| 245 | 1 | 0 | |a Social Economy and Sustainable Development |c Łukasz Popławski, Małgorzata Rutkowska-Podołowska |
| 100 | 1 | |a Popławski, Łukasz | |
| 700 | 1 | |a Rutkowska-Podołowska, Małgorzata | |